00242nam a2200073Ia 4500082001900000245006500019100004300084008004100127 aMERM-PCRL-PEZL 0aULittle Lucky Lolo kanye ne Phaliswano leCola Cup [Ndebele]  a VARKEL, Adrian Johannesburg, 2008 210817s9999 xx 000 0 und d